Química
Saved in:
| Main Author: | |
|---|---|
| Format: | Book |
| Language: | Spanish |
| Published: |
Bogotá
Norma
1984
|
| Series: | Colección la Ciencia al Día
|
| Subjects: | |
| Tags: |
Add Tag
No Tags, Be the first to tag this record!
|
MARC
| LEADER | 00000nam a2200000 a 4500 | ||
|---|---|---|---|
| 001 | UCW0463 | ||
| 003 | CL-VaPUC | ||
| 005 | 20210703001333.0 | ||
| 008 | 900411e19840000CK |||||||||||||||||spa|d | ||
| 999 | |c 215621 |d 215619 | ||
| 040 | |c Pontificia Universidad Católica de Valparaíso | ||
| 082 | 0 | 4 | |a 540 HER 1984 |2 21 |
| 100 | |a Herrera V., Severiano |e author |9 304385 | ||
| 245 | 1 | 0 | |a Química |
| 260 | |a Bogotá |b Norma |c 1984 | ||
| 300 | |a 2 v | ||
| 490 | 0 | |a Colección la Ciencia al Día | |
| 505 | |a v.1: átomos, moléculas y reacciones. v.2: elementos, familias y funciones orgánicas. | ||
| 583 | |a last modification |c 20171031 11:00:02 |k Rodrigo Vera | ||
| 650 | 0 | |a Química |9 259896 | |
| 650 | 0 | |a Moléculas |9 259584 | |
| 650 | 0 | |a Química orgánica |9 259426 | |
| 942 | |c BK |2 ddc | ||
| 945 | |d 19900411 00:00:00 | ||
| 952 | |0 0 |1 0 |2 ddc |4 0 |6 540_000000000000000_HER_1984 |7 0 |8 A |9 200100 |a BIBCUR |b BIBCUR |d 2019-11-14 |h v.2 |i 2674122 |o 540 HER 1984 |p 2674122 |r 2025-04-22 |t 1 |w 2019-11-14 |y BK |k BIO | ||